Disturbance compensation - community charge and non-domestic rating (Record no. 22581)

MARC details
000 -LEADER
fixed length control field 00900cab a2200205 4500
001 - CONTROL NUMBER
control field ABS42005
008 - FIXED-LENGTH DATA ELEMENTS--GENERAL INFORMATION
fixed length control field 090401t1990 xxu||||| |||| 00| 0 eng d
035 ## - SYSTEM CONTROL NUMBER
System control number (Sirsi) u33996
041 ## - LANGUAGE CODE
Language code of text/sound track or separate title eng
100 ## - MAIN ENTRY--PERSONAL NAME
Personal name Smithers, T.
245 ## - TITLE STATEMENT
Title Disturbance compensation - community charge and non-domestic rating
260 ## - PUBLICATION, DISTRIBUTION, ETC.
Date of publication, distribution, etc. 1990
350 ## - PRICE (NR) (BK AM CF MU VM SE) [OBSOLETE]
Price 0
490 ## - SERIES STATEMENT
Series statement Estates Gazette
Volume/sequential designation 9003 20 January 1990, 26-28(2)
520 ## - SUMMARY, ETC.
Summary, etc. Discussion of the provisions of Landlord and Tenant Act 1954 s37 , relating to disturbance compensation to outgoing tenants, as amended by the Local Government and Housing Act 1989 . Detailed examination is made of the new non-domestic rating legislation and the Local Government and Housing Act. Advice is given to landlords and tenants.
650 ## - SUBJECT ADDED ENTRY--TOPICAL TERM
Topical term or geographic name entry element LANDLORD AND TENANT ACT 1954 S37
690 ## - LOCAL SUBJECT ADDED ENTRY--TOPICAL TERM (OCLC, RLIN)
Topical term or geographic name as entry element LANDLORD AND TENANT-BUSINESS TENANCIES
942 ## - ADDED ENTRY ELEMENTS (KOHA)
Suppress in OPAC 0
948 ## - LOCAL PROCESSING INFORMATION (OCLC); SERIES PART DESIGNATOR (RLIN)
c (OCLC) 04/03/1997
Holdings
Withdrawn status Lost status Source of classification or shelving scheme Damaged status Not for loan Home library Current library Shelving location Date acquired Total Checkouts Full call number Barcode Date last seen Copy number Price effective from Koha item type
    Dewey Decimal Classification     London London Journal article 14/09/1999   ABS42005 33996-1001 06/08/2019 1 06/08/2019 Journal article